Lieux des jeux vidéos Assassin's Creed - Click Quiz - Statistiques

Statistiques générales
  • Ce quiz a été pris 224 fois
  • Le résultat moyen est 10 sur 12
Statistiques - réponses
Hint Extra Hint Réponse % Correct
assassin-s-creed-shadows-i245052.jpg Assassin's Creed Shadows Japon médiéval
94%
assassin-s-creed-syndicate-siblings-i28238.jpg Assassin's Creed Syndicate Angleterre (Londres)
92%
61j+Dpn1dgL._AC_UF1000,1000_QL80_.jpg Assassin's Creed Unity France
92%
MV5BZjUxMTQ3YmQtNDE0OC00NzMyLWE0YWEtY2NjMmYzMDY1MzYzXkEyXkFqcGc@._V1_.jpg Assassin's Creed II / Assassin's Creed Brotherhood / Assassin's Creed Revelations Italie
90%
s-l1200.jpg Assassin's Creed IV Black Flag Mer des Caraïbes
90%
71uDZszwmgL.jpg Assassin's Creed Valhalla Norvège et Royaume des Anglo-Saxons
90%
assassin-s-creed-origins-hero-i64379.jpg Assassin's Creed Origins Égypte antique
89%
71OwBUHbyML._AC_UF1000,1000_QL80_.jpg Assassin's Creed Odyssey Grèce antique
88%
91p9XtnMyoL._AC_UF1000,1000_QL80_.jpg Assassin's Creed Mirage Irak (Bagdad)
83%
s-l1200.jpg Assassin's Creed III Amérique du Nord (Boston, New York, Frontière)
81%
s-l1200.jpg Assassin's Creed Terre Sainte (Moyen-Orient)
78%
s-l1200.jpg Assassin's Creed Rogue Amérique du Nord (New York, Hudson Valley, Atlantique Nord)
73%
Aucun quiz correspondant
Distribution des résultats
% des personnes avec chaque résultat
Percentile par nombre de réponses
Votre historique - résultats
Vous n’avez pas pris ce quiz